| 000 | 00686nam a2200241 a 4500 | ||
|---|---|---|---|
| 001 | BRL_1029 | ||
| 005 | 20190320211013.0 | ||
| 008 | 011113s1977----nyua######---#000-0#eng-# | ||
| 020 | _a030724363X | ||
| 041 | _aeng | ||
| 044 | _anyu | ||
| 050 | 4 |
_aNK5112 _b.O45 1977 |
|
| 100 | 1 |
_aOliver, Elizabeth _925623 |
|
| 245 | 1 | 0 |
_aAmerican antique glass _cby Elizabeth Oliver ; ilustrated by Rebecca A. Merrilees. |
| 260 |
_aNew York _bGolden Press _c1977 |
||
| 300 |
_a160 p. _bil. _c15 cm. |
||
| 500 | _aAu1144 | ||
| 504 | _aBibliografĂa: p. 154-155 | ||
| 650 | 1 | 4 |
_aCristalerĂa _zEstados Unidos _92701 |
| 700 | 1 |
_aMerrilees, Rebecca A. _eil. _925624 |
|
| 902 | _aGRL | ||
| 942 |
_2lcc _cB |
||
| 999 |
_c9841 _d9841 |
||